000 00208nam a2200121Ia 4500
100 _a#N/A
942 _cBK
654 _aUNTANGLE 7.1
245 _aLFY
260 _b#N/A
546 _aENGLISH
999 _c18638
_d18638